01166cam a22003374i 4500003000900000005001700009008004100026035002000067040003300087082001500120100003000135245005700165264003600222300003800258336002000296337002400316338002200340505035100362526001000713526001000723526001000733526001000743526000800753526000800761526000800769526000800777526000800785526000800793526000800801650001900809PE-LiUPU20250731172925.0170508s1986 xxu r 000 0 spa d a(Sirsi) a203903 aPE-LiUPUbspacPE-LiUPUerda04a236.2bG761 aGowan, Donald E.,eautor. aEschatology in the old testament /cDonald E. Gowan. aEE.UU :bFortress press,c1986. a150 páginas ;c22 centímetros text2rdacontent unmediated2rdamedia volume2rdacarrier0 aAnew Approach to eschatology in the old testament -- Zion-the center of old testament eschatology -- Peace in Zion-the transformation of human society -- The people of Zion-the transformation of the human person -- Highest of all the hills-The transformation of nature -- Conclusion-Old testament eschatology and contemporary hope for the future. aSEG42 aSEG41 aSEG40 aSEG39 aP94 aP87 aP86 aP85 aP77 aP76 aP3504aEscatología.